[Event "American Cup Blitz"]
[Site "Saint Louis"]
[Date "2024.03.21"]
[Round "4"]
[White "Sevian, Samuel"]
[Black "Durarbayli, Vasif"]
[Result "0-1"]
[WhiteElo "2697"]
[BlackElo "2627"]
[PlyCount "136"]
[EventDate "2024.03.21"]
[EventType "swiss (blitz)"]
[EventRounds "7"]
[EventCountry "USA"]
[SourceTitle "CB13_2024"]
[SourceDate "2024.03.27"]
[SourceVersion "1"]
[SourceVersionDate "2024.03.27"]
[SourceQuality "1"]

1. d4 Nf6 2. c4 e6 3. Nc3 Bb4 4. e3 0-0 5. Bd3 c5 6. Nge2 d5 7. cxd5 cxd4 8. exd4 Nxd5 9. 0-0 Nc6 10. Bc2 Qh4 11. a3 Bxc3 12. bxc3 Rd8 13. Qd3 e5 14. c4 Nde7 15. d5 Bf5 16. Qc3 Bxc2 17. dxc6 Bd3 18. c7 Rd7 19. Rd1 e4 20. Bb2 Qf6 21. Qxf6 gxf6 22. Nf4 f5 23. Nh5 Rxc7 24. Nf6+ Kf8 25. Nxh7+ Ke8 26. Nf6+ Kf8 27. Rac1 Rac8 28. c5 Ng8 29. Nh7+ Ke7 30. a4 f6 31. c6 bxc6 32. Ba3+ c5 33. f3 Ke6 34. fxe4 fxe4 35. Rc3 Rxh7 36. Re1 Rd7 37. Bxc5 Rd5 38. Bb4 Rxc3 39. Bxc3 Rc5 40. Bd4 Ra5 41. Ra1 Ne7 42. h4 Nc6 43. Be3 Rh5 44. g3 Ne5 45. Bxa7 Nc4 46. Bd4 e3 47. Kg2 e2 48. Re1 Rf5 49. Bf2 Ra5 50. Ra1 Kf5 51. Kf3 Re5 52. g4+ Kg6 53. h5+ Kg7 54. Be1 Na5 55. Bc3 Rc5 56. Be1 Ba6 57. Rb1 Nc4 58. Ke4 Nd6+ 59. Kf3 Nc4 60. Kf4 Ne5 61. Ra1 Nd3+ 62. Ke3 Nxe1 63. Rxe1 Ra5 64. Kf2 Rxa4 65. Kf3 Ra3+ 66. Kf2 Ra4 67. Kf3 Kh6 68. Rc1 Rd4 0-1

[Event "American Cup Champ"]
[Site "Saint Louis"]
[Date "2024.03.14"]
[Round "1.5"]
[White "Aronian, Levon"]
[Black "Sevian, Samuel"]
[Result "1-0"]
[WhiteElo "2722"]
[BlackElo "2697"]
[PlyCount "73"]
[EventDate "2024.03.12"]
[EventType "k.o."]
[EventRounds "3"]
[EventCountry "USA"]
[SourceTitle "CB12_2024"]
[SourceDate "2023.10.01"]
[SourceVersion "1"]
[SourceVersionDate "2023.10.01"]
[SourceQuality "1"]

1. e4 e6 2. d4 d5 3. Nc3 Nf6 4. Bg5 dxe4 5. Nxe4 Be7 6. Bxf6 gxf6 7. Nc3 a6 8. a4 Nc6 9. Nge2 e5 10. d5 Nb4 11. Ng3 f5 12. Bc4 Qd6 13. Bb3 h5 14. Qe2 h4 15. Nf1 Bd7 16. Nd2 e4 17. f3 exf3 18. Nxf3 0-0-0 19. 0-0-0 Bf6 20. Qf2 Kb8 21. Nd4 Rhg8 22. Nxf5 Qe5 23. Rdf1 Bh8 24. Nxh4 Rg4 25. Nf3 Qd6 26. Qd2 Be8 27. h3 Rf4 28. Ne2 Re4 29. Nc3 Rf4 30. Kb1 Qc5 31. Qxf4 Bxc3 32. bxc3 Nxd5 33. Bxd5 Rxd5 34. Qb4 Qc6 35. Rd1 Rh5 36. Rhe1 Ka7 37. Re5 1-0

[Event "American Cup Champ"]
[Site "Saint Louis"]
[Date "2024.03.13"]
[Round "1.2"]
[White "Sevian, Samuel"]
[Black "Aronian, Levon"]
[Result "1/2-1/2"]
[WhiteElo "2697"]
[BlackElo "2722"]
[PlyCount "48"]
[EventDate "2024.03.12"]
[EventType "k.o."]
[EventRounds "3"]
[EventCountry "USA"]
[SourceTitle "CB12_2024"]
[SourceDate "2023.10.01"]
[SourceVersion "1"]
[SourceVersionDate "2023.10.01"]
[SourceQuality "1"]

1. c4 g6 2. d4 Nf6 3. Nc3 d5 4. cxd5 Nxd5 5. e4 Nxc3 6. bxc3 Bg7 7. Be3 c5 8. Nf3 Qa5 9. Qd2 Nc6 10. Rb1 a6 11. Rc1 cxd4 12. cxd4 Qxd2+ 13. Kxd2 e6 14. Bd3 0-0 15. Rc4 Rd8 16. Bg5 f6 17. Be3 Bd7 18. h4 Be8 19. Rb1 b5 20. Rc3 Bf8 21. Rcb3 Na5 22. Rc3 Nc6 23. Rcb3 Na5 24. Rc3 Nc6 1/2-1/2

[Event "Titled Tuesday intern op 13th Feb Late"]
[Site "Chess.com INT"]
[Date "2024.02.13"]
[Round "3"]
[White "Schmakel, Sam A"]
[Black "Sevian, Samuel"]
[Result "1-0"]
[WhiteElo "2457"]
[BlackElo "2697"]
[PlyCount "143"]
[EventDate "2024.02.13"]
[EventType "swiss (blitz)"]
[EventRounds "11"]
[EventCountry "USA"]
[SourceTitle "CB08_2024"]
[SourceDate "2024.02.21"]
[SourceVersion "1"]
[SourceVersionDate "2024.02.21"]
[SourceQuality "1"]

1. d4 Nf6 2. c4 e5 3. dxe5 Ng4 4. e4 Nxe5 5. f4 Nec6 6. Nc3 Bc5 7. Nf3 a5 8. Bd3 d6 9. f5 Nd7 10. Bg5 f6 11. Bf4 Nde5 12. Qe2 Nb4 13. Bxe5 dxe5 14. 0-0-0 c6 15. a3 Na6 16. g4 Qe7 17. h4 Bd7 18. g5 0-0-0 19. Bc2 Ba7 20. Na4 Nc5 21. Nxc5 Qxc5 22. Kb1 Kc7 23. h5 h6 24. gxf6 gxf6 25. Nh4 Bc8 26. Ng6 Rhg8 27. Rd2 Qe3 28. Qxe3 Bxe3 29. Rxd8 Rxd8 30. Rd1 Re8 31. b4 b6 32. Kb2 Bd4+ 33. Kb3 c5 34. b5 Bb7 35. a4 Kd6 36. Rd2 Rd8 37. Rd1 Kd7 38. Rd2 Ke8 39. Rd1 Kf7 40. Rd2 Bc8 41. Rd1 Bd7 42. Rd2 Be8 43. Rd1 Kg7 44. Rd2 Rd7 45. Rd1 Bf7 46. Rd2 Rd8 47. Rd1 Re8 48. Rd2 Bxg6 49. fxg6 f5 50. exf5 e4 51. Re2 e3 52. Bd3 Be5 53. Kc2 Bg3 54. Rg2 Bh4 55. Kd1 Bg5 56. Ke2 Kf6 57. Rg4 Re5 58. Rg2 Kg7 59. Rg4 Kf6 60. Rg2 Re7 61. Rg4 Re8 62. Re4 Rxe4 63. Bxe4 Kg7 64. Bd3 Kf6 65. Kf3 Kg7 66. Ke4 Bd8 67. Kxe3 Kf6 68. Ke4 Kg5 69. Ke5 Bf6+ 70. Ke6 Bd4 71. Kf7 Kxh5 72. g7 1-0

[Event "Titled Tuesday intern op 06th Feb Late"]
[Site "Chess.com INT"]
[Date "2024.02.06"]
[Round "9"]
[White "Deac, Bogdan Daniel"]
[Black "Sevian, Samuel"]
[Result "1/2-1/2"]
[WhiteElo "2690"]
[BlackElo "2697"]
[PlyCount "139"]
[EventDate "2024.02.06"]
[EventType "swiss (blitz)"]
[EventRounds "11"]
[EventCountry "USA"]
[SourceTitle "CB07_2024"]
[SourceDate "2024.02.14"]
[SourceVersion "1"]
[SourceVersionDate "2024.02.14"]
[SourceQuality "1"]

1. d4 Nf6 2. Nf3 d5 3. c4 e6 4. Nc3 h6 5. Bf4 Bb4 6. cxd5 Nxd5 7. Bd2 c5 8. Nxd5 Bxd2+ 9. Qxd2 exd5 10. dxc5 a5 11. e3 0-0 12. Be2 Be6 13. 0-0 Nd7 14. Rfc1 Rc8 15. b4 axb4 16. Qxb4 Rc7 17. Bb5 Nf6 18. Nd4 Qe7 19. a3 Rfc8 20. c6 Qxb4 21. axb4 Bd7 22. Ra7 Ne4 23. f3 Nd6 24. Ba4 bxc6 25. Rxc7 Rxc7 26. Bxc6 Kf8 27. Rc5 Bxc6 28. Rxc6 Rd7 29. Kf2 Ke7 30. Ra6 Rb7 31. g4 Kd7 32. Ra4 g6 33. h4 Nc4 34. Ke2 Nb2 35. Ra5 Rxb4 36. Rxd5+ Kc7 37. Rc5+ Kd6 38. Rc6+ Kd7 39. Rf6 Ke7 40. Ra6 Ra4 41. Rb6 Nc4 42. Rb7+ Kf6 43. h5 Ra2+ 44. Kd3 Nd6 45. Rb6 Ke7 46. hxg6 fxg6 47. Nc6+ Ke6 48. Nd4+ Kd7 49. f4 Ra3+ 50. Rb3 Ra1 51. Rc3 Rd1+ 52. Ke2 Rg1 53. Kf3 Rf1+ 54. Kg2 Ra1 55. Rb3 Nc4 56. Kf2 Ra2+ 57. Kg3 Nd2 58. Rd3 Ne4+ 59. Kf3 Nd2+ 60. Kg3 Nf1+ 61. Kf3 Nd2+ 62. Ke2 Ne4+ 63. Ke1 Ke7 64. f5 Kf6 65. fxg6 Kxg6 66. Nf3 Ra1+ 67. Ke2 Ra2+ 68. Ke1 Ra1+ 69. Ke2 Ra2+ 70. Ke1 1/2-1/2

[Event "Titled Tuesday intern op 06th Feb Late"]
[Site "Chess.com INT"]
[Date "2024.02.06"]
[Round "11"]
[White "Zhigalko, Sergei"]
[Black "Sevian, Samuel"]
[Result "1/2-1/2"]
[WhiteElo "2572"]
[BlackElo "2697"]
[PlyCount "188"]
[EventDate "2024.02.06"]
[EventType "swiss (blitz)"]
[EventRounds "11"]
[EventCountry "USA"]
[SourceTitle "CB07_2024"]
[SourceDate "2024.02.14"]
[SourceVersion "1"]
[SourceVersionDate "2024.02.14"]
[SourceQuality "1"]

1. e4 e5 2. Nf3 Nc6 3. Bc4 Bc5 4. b4 Bxb4 5. c3 Be7 6. d4 Na5 7. Bd3 d6 8. dxe5 dxe5 9. Nxe5 Nf6 10. 0-0 0-0 11. Qc2 c5 12. Nd2 Qc7 13. f4 Rd8 14. c4 Ng4 15. Nxg4 Bxg4 16. e5 Qd7 17. Bxh7+ Kh8 18. Kh1 g6 19. Bxg6 fxg6 20. Qxg6 Qf5 21. Qh6+ Qh7 22. Qxh7+ Kxh7 23. f5 Rd3 24. h3 Bh5 25. f6 Bf8 26. e6 Re8 27. Ne4 Rd4 28. f7 Re7 29. Nf6+ Kg6 30. g4 Bxg4 31. Nxg4 Rxe6 32. Bh6 Rd8 33. Rf3 Bxh6 34. Nxh6 Rf8 35. Ng8 Kg7 36. Ne7 Rxf7 37. Rg1+ Kf8 38. Ng6+ Ke8 39. Rfg3 Nxc4 40. Rg4 Ne5 41. Re4 Rf5 42. Nf4 Re7 43. Nd5 Rd7 44. Ne3 Rh5 45. Ng4 Rxh3+ 46. Kg2 Ra3 47. Nxe5 Rg7+ 48. Kf1 Rxg1+ 49. Kxg1 Rxa2 50. Nd3+ Kd7 51. Nxc5+ Kc6 52. Nd3 Rd2 53. Nf4 a5 54. Kf1 b5 55. Ke1 Rd8 56. Re6+ Kc5 57. Re7 Kb4 58. Ke2 a4 59. Nd3+ Kb3 60. Rb7 Rd5 61. Nc1+ Kb2 62. Nd3+ Kb3 63. Nc1+ Kc3 64. Rc7+ Kb2 65. Nd3+ Kb3 66. Nc1+ Ka3 67. Nd3 b4 68. Kd2 Kb3 69. Rc1 Ka2 70. Rc2+ Ka3 71. Rc1 Rd4 72. Ra1+ Kb3 73. Rb1+ Ka3 74. Ra1+ Kb3 75. Rb1+ Ka3 76. Kc2 Rc4+ 77. Kd2 Rh4 78. Ra1+ Kb3 79. Rb1+ Ka3 80. Ra1+ Kb3 81. Nc5+ Kc4 82. Nxa4 Rh2+ 83. Ke3 b3 84. Rb1 Kb4 85. Nb2 Ka3 86. Nc4+ Kb4 87. Nd2 Rh3+ 88. Ke2 Rh2+ 89. Kd3 Rh3+ 90. Kd4 Rh4+ 91. Ne4 Rh8 92. Nd2 Rh4+ 93. Ke3 Rh3+ 94. Kd4 Rh4+ 1/2-1/2

[Event "Chessable Masters Div 2 Win"]
[Site "Chess.com INT"]
[Date "2024.02.02"]
[Round "1.1"]
[White "Sevian, Samuel"]
[Black "Vokhidov, Shamsiddin"]
[Result "1/2-1/2"]
[WhiteElo "2697"]
[BlackElo "2596"]
[PlyCount "121"]
[EventDate "2024.02.02"]
[EventType "k.o. (rapid)"]
[EventRounds "6"]
[EventCountry "USA"]
[SourceTitle "CB06_2024"]
[SourceDate "2024.02.07"]
[SourceVersion "1"]
[SourceVersionDate "2024.02.07"]
[SourceQuality "1"]

1. c4 e5 2. g3 Nf6 3. Bg2 c6 4. Nf3 e4 5. Nd4 Qb6 6. Nb3 a5 7. d3 a4 8. N3d2 Bc5 9. 0-0 e3 10. fxe3 Bxe3+ 11. Kh1 Ng4 12. Ne4 0-0 13. Nbc3 d5 14. cxd5 Bxc1 15. Qxc1 Ne3 16. Rf3 Nxd5 17. Qd2 Nd7 18. d4 Qd8 19. Raf1 N7b6 20. h3 Qe7 21. b3 axb3 22. axb3 Nxc3 23. Nxc3 Be6 24. Ne4 Nd7 25. Ng5 h6 26. Nxe6 Qxe6 27. Re3 Qd6 28. Rd3 Rad8 29. Qa5 Nf6 30. e4 Qe7 31. Qf5 Qe6 32. Qxe6 fxe6 33. Rfd1 Rd7 34. Kg1 Rfd8 35. Kf2 Ra8 36. Bf3 Ra2+ 37. R1d2 Ra1 38. Rd1 Ra2+ 39. R1d2 Ra1 40. Ke3 Kf7 41. Bd1 Ke7 42. b4 Rd8 43. b5 cxb5 44. Rb2 e5 45. dxe5 Rxd3+ 46. Kxd3 Rxd1+ 47. Ke2 Rh1 48. exf6+ Kxf6 49. Kf3 Rxh3 50. Rxb5 Rh1 51. Rxb7 Rf1+ 52. Kg4 g6 53. Rb6+ Kf7 54. Ra6 Rf2 55. Ra8 Rf1 56. Rh8 Kg7 57. Rb8 Kf7 58. Rb4 Kf6 59. Rb6+ Kf7 60. Rb7+ Kf6 61. Rb6+ 1/2-1/2

[Event "Chessable Masters Div 2 Win"]
[Site "Chess.com INT"]
[Date "2024.02.02"]
[Round "1.3"]
[White "Sevian, Samuel"]
[Black "Vokhidov, Shamsiddin"]
[Result "1/2-1/2"]
[WhiteElo "2697"]
[BlackElo "2596"]
[PlyCount "179"]
[EventDate "2024.02.02"]
[EventType "k.o. (rapid)"]
[EventRounds "6"]
[EventCountry "USA"]
[SourceTitle "CB06_2024"]
[SourceDate "2024.02.07"]
[SourceVersion "1"]
[SourceVersionDate "2024.02.07"]
[SourceQuality "1"]

1. d4 Nf6 2. c4 e6 3. Nc3 Bb4 4. Qc2 d5 5. a3 Bxc3+ 6. Qxc3 0-0 7. Bg5 h6 8. Bxf6 Qxf6 9. Nf3 dxc4 10. Qxc4 Nc6 11. Qc3 Re8 12. e3 e5 13. d5 Ne7 14. Qxe5 Qxe5 15. Nxe5 Nxd5 16. Nf3 Bg4 17. Be2 Rad8 18. Rd1 Rd6 19. h3 Bh5 20. 0-0 Red8 21. g4 Bg6 22. Ne5 Bh7 23. Nc4 R6d7 24. Na5 c6 25. Bf3 Kf8 26. Rd4 Ne7 27. Rfd1 Rxd4 28. Rxd4 Rxd4 29. exd4 b6 30. Nxc6 Nxc6 31. Bxc6 Ke7 32. f3 f5 33. gxf5 Bxf5 34. h4 g5 35. Be4 Bd7 36. hxg5 hxg5 37. Kf2 Kd6 38. Ke3 Be6 39. Bg6 Bd5 40. Be4 Be6 41. Kd3 Bf7 42. Kc3 Be6 43. Kb4 Bd7 44. Kc4 Be8 45. Kc3 Bd7 46. Kd2 Bc8 47. Ke2 Be6 48. Bc2 Bd7 49. Kf2 Bc8 50. Bb3 Bd7 51. Bc4 Bc8 52. Bb5 Bf5 53. Ba6 Bd7 54. Bb7 Bf5 55. Be4 Bd7 56. Bg6 Be6 57. Ke3 Bd5 58. Bf5 Bc6 59. Kf2 Be8 60. Kg3 Bh5 61. Bg4 Bf7 62. Bc8 Bh5 63. Bb7 Ke6 64. Ba8 Kd6 65. Be4 Ke6 66. Kf2 Kd6 67. Bf5 Bf7 68. Kg3 Bh5 69. Be4 Ke6 70. b4 Kd6 71. Kf2 Bf7 72. Bd3 Be6 73. Ke3 Bd5 74. Bf5 Bc6 75. Kf2 Be8 76. Be4 Bd7 77. Bd3 Be6 78. Ke3 Bd5 79. Bf5 Bc6 80. Bg4 Kd5 81. Kd3 Kd6 82. Kc4 Be8 83. Bf5 Bc6 84. Bg4 Be8 85. Kc3 Bb5 86. Bf5 Bc6 87. Bg4 Bb5 88. Kd2 Bc4 89. Ke3 Bd5 90. Bf5 1/2-1/2

[Event "Titled Tuesday intern op 16th Jan Early"]
[Site "Chess.com INT"]
[Date "2024.01.16"]
[Round "1"]
[White "Chor, Kevin"]
[Black "Sevian, Samuel"]
[Result "0-1"]
[WhiteElo "1944"]
[BlackElo "2697"]
[PlyCount "56"]
[EventDate "2024.01.16"]
[EventType "swiss (blitz)"]
[EventRounds "11"]
[EventCountry "USA"]
[SourceTitle "CB04_2024"]
[SourceDate "2023.10.16"]
[SourceVersion "1"]
[SourceVersionDate "2023.10.16"]
[SourceQuality "1"]

1. e4 c5 2. Nf3 d6 3. d4 Nf6 4. Nc3 cxd4 5. Nxd4 Bd7 6. Be2 g6 7. Be3 Bg7 8. Qd2 Nc6 9. 0-0-0 Rc8 10. Kb1 Ne5 11. f3 h5 12. h4 a6 13. Nd5 Nxd5 14. exd5 b5 15. Rdg1 Qc7 16. g4 Nc4 17. Bxc4 Qxc4 18. Nb3 hxg4 19. fxg4 Bxg4 20. Bd4 Bxd4 21. Rxg4 Qxd5 22. Re1 Rc4 23. Nxd4 e5 24. Qf2 Kd7 25. Qf6 Re8 26. b3 Rxd4 27. Rxd4 exd4 28. Rd1 Re4 0-1

[Event "Saint Louis Blitz"]
[Site "Saint Louis"]
[Date "2023.11.18"]
[Round "11"]
[White "Caruana, Fabiano"]
[Black "Sevian, Samuel"]
[Result "1/2-1/2"]
[WhiteElo "2795"]
[BlackElo "2696"]
[PlyCount "192"]
[EventDate "2023.11.17"]
[EventType "tourn (blitz)"]
[EventRounds "18"]
[EventCountry "USA"]
[EventCategory "20"]
[SourceTitle "CB47_2023"]
[SourceDate "2023.11.22"]
[SourceVersion "1"]
[SourceVersionDate "2023.11.22"]
[SourceQuality "1"]

1. d4 Nf6 2. c4 e6 3. Nc3 Bb4 4. g3 0-0 5. Bg2 d5 6. Nf3 dxc4 7. 0-0 Nc6 8. Re1 Be7 9. e4 Rb8 10. h4 b5 11. e5 Nd5 12. Ng5 h6 13. Nge4 f5 14. exf6 Bxf6 15. Nxf6+ Qxf6 16. Nxd5 exd5 17. Bxd5+ Kh8 18. Be3 Nb4 19. Bg2 Nd3 20. Rf1 Nxb2 21. Qd2 Nd3 22. Qa5 Bb7 23. d5 b4 24. Qxc7 Rfc8 25. Qa5 Qa6 26. Qxa6 Bxa6 27. Bxa7 Rb7 28. Be3 Bb5 29. Rfd1 Rd8 30. Be4 Re7 31. f3 Rxd5 32. Bxd5 Rxe3 33. Be4 c3 34. Bxd3 Bxd3 35. Rac1 Rxf3 36. Kg2 Re3 37. Re1 Rxe1 38. Rxe1 Bc4 39. Rb1 c2 40. Rc1 Bxa2 41. Rxc2 Bd5+ 42. Kf2 b3 43. Rc5 Be4 44. Rb5 Bc2 45. Ke3 Kh7 46. Kf4 Kg6 47. g4 Kf6 48. Rb6+ Ke7 49. Ke5 Kd7 50. Kd5 Kc7 51. Kc5 Kd7 52. Rb7+ Ke6 53. Kd4 Kf6 54. Rb6+ Kf7 55. Ke5 Bd1 56. g5 hxg5 57. hxg5 Bc2 58. Kd5 Ke7 59. Rb7+ Kf8 60. Ke5 Kg8 61. Ke6 Bd1 62. Ke7 Bc2 63. Rb6 Kh7 64. Kf7 Bd1 65. g6+ Kh6 66. Rb8 Bc2 67. Rb6 b2 68. Rxb2 Bxg6+ 69. Ke6 Bd3 70. Ke5 g6 71. Kf6 Kh5 72. Rg2 Bf5 73. Ke5 Kh6 74. Rg1 Kg7 75. Rc1 Kh6 76. Rh1+ Kg7 77. Rh2 Bg4 78. Kf4 Bf5 79. Kg5 Be6 80. Re2 Kf7 81. Rb2 Bf5 82. Rb6 Ke7 83. Kf4 Kf7 84. Ke5 Kg7 85. Rb7+ Kh6 86. Kf4 Bc2 87. Rc7 Bb1 88. Rc1 Bf5 89. Rg1 Kg7 90. Kg5 Kf7 91. Rf1 Ke7 92. Re1+ Kd6 93. Kf4 Kd5 94. Rd1+ Ke6 95. Rg1 Kd5 96. Rxg6 Bxg6 1/2-1/2

[Event "Saint Louis Blitz"]
[Site "Saint Louis"]
[Date "2023.11.18"]
[Round "13"]
[White "Nepomniachtchi, Ian"]
[Black "Sevian, Samuel"]
[Result "1/2-1/2"]
[WhiteElo "2771"]
[BlackElo "2696"]
[PlyCount "82"]
[EventDate "2023.11.17"]
[EventType "tourn (blitz)"]
[EventRounds "18"]
[EventCountry "USA"]
[EventCategory "20"]
[SourceTitle "CB47_2023"]
[SourceDate "2023.11.22"]
[SourceVersion "1"]
[SourceVersionDate "2023.11.22"]
[SourceQuality "1"]

1. e4 e5 2. Nf3 Nc6 3. Bc4 Bc5 4. d3 Nf6 5. a4 d6 6. 0-0 h6 7. a5 a6 8. c3 0-0 9. b4 Ba7 10. h3 Ne7 11. Be3 Ng6 12. Nbd2 Re8 13. Re1 Bxe3 14. Rxe3 Be6 15. Bxe6 Rxe6 16. Qb3 d5 17. g3 Qd7 18. Kh2 Rd8 19. Rae1 Rd6 20. d4 exd4 21. Nxd4 dxe4 22. Nxe4 Nxe4 23. Rxe4 Rd5 24. h4 c5 25. bxc5 Rxc5 26. Rb1 Rxa5 27. Qxb7 Qxb7 28. Rxb7 Re5 29. Rxe5 Nxe5 30. Ra7 Rc8 31. Rxa6 Rxc3 32. Kg2 Rc8 33. h5 Ng4 34. f3 Rd8 35. fxg4 Rxd4 36. Kf3 Kh7 37. Ra7 f6 38. Ra6 Rd3+ 39. Kf4 Rd4+ 40. Kf3 Rd3+ 41. Kf4 Rd4+ 1/2-1/2

[Event "Saint Louis Blitz"]
[Site "Saint Louis"]
[Date "2023.11.17"]
[Round "6"]
[White "Sevian, Samuel"]
[Black "Giri, Anish"]
[Result "0-1"]
[WhiteElo "2696"]
[BlackElo "2752"]
[PlyCount "76"]
[EventDate "2023.11.17"]
[EventType "tourn (blitz)"]
[EventRounds "18"]
[EventCountry "USA"]
[EventCategory "20"]
[SourceTitle "CB47_2023"]
[SourceDate "2023.11.22"]
[SourceVersion "1"]
[SourceVersionDate "2023.11.22"]
[SourceQuality "1"]

1. c4 c6 2. d4 d5 3. Nf3 Nf6 4. Nc3 dxc4 5. a4 Bf5 6. Ne5 Nbd7 7. Nxc4 Nb6 8. Ne5 a5 9. f3 Nfd7 10. e4 Nxe5 11. exf5 Ned7 12. d5 g6 13. dxc6 bxc6 14. Qd4 Nf6 15. Be3 Nbd7 16. fxg6 hxg6 17. Bc4 Bg7 18. Rd1 Qc7 19. Qf4 Ne5 20. Be2 Rb8 21. Bc1 Rxb2 22. Ne4 Nxe4 23. fxe4 Rc2 24. Qf2 Bf6 25. Bf4 Qb7 26. 0-0 0-0 27. Qe3 Qb2 28. Bf3 Rc3 29. Qe1 Nxf3+ 30. gxf3 Rc2 31. e5 Bg5 32. Qg3 Bxf4 33. Qxf4 Re2 34. Rde1 Rd8 35. e6 Rxe6 36. Rxe6 fxe6 37. Qg5 Kf7 38. Qxa5 Rd5 0-1

[Event "Saint Louis Rapid"]
[Site "Saint Louis"]
[Date "2023.11.16"]
[Round "7"]
[White "Caruana, Fabiano"]
[Black "Sevian, Samuel"]
[Result "1/2-1/2"]
[WhiteElo "2795"]
[BlackElo "2696"]
[PlyCount "78"]
[EventDate "2023.11.14"]
[EventType "tourn (rapid)"]
[EventRounds "9"]
[EventCountry "USA"]
[EventCategory "20"]
[SourceTitle "CB47_2023"]
[SourceDate "2023.11.22"]
[SourceVersion "1"]
[SourceVersionDate "2023.11.22"]
[SourceQuality "1"]

1. e4 e5 2. Nf3 Nc6 3. Bc4 Bc5 4. c3 Nf6 5. d3 d6 6. b4 Bb6 7. a4 a5 8. b5 Ne7 9. 0-0 Ng6 10. Nbd2 0-0 11. d4 h6 12. Re1 Re8 13. h3 c6 14. Bd3 Bc7 15. Ba3 Nh5 16. Bf1 Nhf4 17. Nc4 Be6 18. b6 Bb8 19. dxe5 Bxc4 20. Bxc4 Nxe5 21. Nxe5 Rxe5 22. Qf3 d5 23. Qxf4 Rxe4 24. Qf5 g6 25. Qf3 Rxc4 26. Re7 Rf4 27. Qe3 Re4 28. Rxe4 dxe4 29. Qxe4 Bd6 30. Bc1 Qf8 31. Be3 Bc5 32. Rd1 Re8 33. Bxc5 Rxe4 34. Bxf8 Kxf8 35. Rd7 Re7 36. Rd8+ Re8 37. Rd7 Re7 38. Rd8+ Re8 39. Rd7 Re7 1/2-1/2

[Event "Saint Louis Rapid"]
[Site "Saint Louis"]
[Date "2023.11.15"]
[Round "4"]
[White "Le, Quang Liem"]
[Black "Sevian, Samuel"]
[Result "1/2-1/2"]
[WhiteElo "2731"]
[BlackElo "2696"]
[PlyCount "83"]
[EventDate "2023.11.14"]
[EventType "tourn (rapid)"]
[EventRounds "9"]
[EventCountry "USA"]
[EventCategory "20"]
[SourceTitle "CB47_2023"]
[SourceDate "2023.11.22"]
[SourceVersion "1"]
[SourceVersionDate "2023.11.22"]
[SourceQuality "1"]

1. d4 Nf6 2. c4 e6 3. Nf3 d5 4. Nc3 Bb4 5. Qa4+ Nc6 6. e3 0-0 7. Qc2 Re8 8. Bd2 h6 9. a3 Bf8 10. Be2 e5 11. dxe5 Nxe5 12. cxd5 Nxd5 13. Nxe5 Rxe5 14. e4 Nxc3 15. Bxc3 Rg5 16. Rd1 Qe8 17. 0-0 Bh3 18. Bf3 Qe6 19. Rfe1 Qg6 20. g3 Bc5 21. Bd4 Bxd4 22. Rxd4 Qf6 23. Rd3 Re8 24. Bg2 Bxg2 25. Kxg2 Rb5 26. b4 a5 27. Qxc7 axb4 28. a4 Qe5 29. Qxe5 Rbxe5 30. Rd4 b3 31. Rb4 Ra8 32. Kf3 f5 33. Rxb3 Rxa4 34. Rxb7 Raxe4 35. Rxe4 Rxe4 36. Rb5 g6 37. h4 h5 38. Rb7 Ra4 39. Rc7 Re4 40. Rb7 Ra4 41. Rc7 Re4 42. Rb7 1/2-1/2

[Event "Saint Louis Rapid"]
[Site "Saint Louis"]
[Date "2023.11.14"]
[Round "2"]
[White "So, Wesley"]
[Black "Sevian, Samuel"]
[Result "1/2-1/2"]
[WhiteElo "2752"]
[BlackElo "2696"]
[PlyCount "123"]
[EventDate "2023.11.14"]
[EventType "tourn (rapid)"]
[EventRounds "9"]
[EventCountry "USA"]
[EventCategory "20"]
[SourceTitle "CB47_2023"]
[SourceDate "2023.11.22"]
[SourceVersion "1"]
[SourceVersionDate "2023.11.22"]
[SourceQuality "1"]

1. e4 e5 2. Nf3 Nc6 3. Bb5 a6 4. Ba4 Nf6 5. d3 Bc5 6. Bg5 h6 7. Bh4 d6 8. d4 exd4 9. Nxd4 Bd7 10. Bxc6 bxc6 11. Nc3 Rb8 12. Nb3 Bb4 13. Qd3 Qe7 14. 0-0-0 0-0 15. Rhe1 Qe5 16. Bg3 Qh5 17. a3 Bxc3 18. Qxc3 Rfe8 19. f3 Qg5+ 20. Qd2 Qb5 21. Qa5 Be6 22. Qxb5 cxb5 23. Nd4 Nd7 24. Re3 Rb7 25. Rc3 a5 26. Nc6 b4 27. Re3 Ra8 28. e5 dxe5 29. Bxe5 bxa3 30. Rxa3 a4 31. Bc3 Rb6 32. Nd4 Nc5 33. Re1 Bd7 34. Re5 Nb7 35. Rd5 Rd6 36. Nf5 Rxd5 37. Ne7+ Kh7 38. Nxd5 Re8 39. Bd2 c5 40. Re3 Rxe3 41. Bxe3 Kg6 42. Kd2 Kf5 43. Nf4 Ke5 44. Kc3 Bb5 45. Nh5 g6 46. Ng3 h5 47. Ne4 Bf1 48. g3 Bg2 49. Nd2 Kd5 50. Kd3 Nd6 51. Bf4 Nf5 52. c4+ Kc6 53. Be5 Ne7 54. Bf6 Nc8 55. Be5 Nb6 56. h4 Nd7 57. Bc3 Bh3 58. Ke3 Be6 59. Kd3 Bf5+ 60. Ke3 Be6 61. Kd3 Bf5+ 62. Ke3 1/2-1/2

[Event "FIDE Grand Swiss"]
[Site "Douglas"]
[Date "2023.11.04"]
[Round "10"]
[White "Sevian, Samuel"]
[Black "Erigaisi, Arjun Kumar"]
[Result "0-1"]
[WhiteElo "2698"]
[BlackElo "2712"]
[PlyCount "64"]
[EventDate "2023.10.25"]
[EventType "swiss"]
[EventRounds "11"]
[EventCountry "IOM"]
[SourceTitle "Mega2024 Update 01"]
[Source "Chessbase"]
[SourceDate "2023.11.12"]
[SourceVersion "1"]
[SourceVersionDate "2023.11.12"]
[SourceQuality "1"]

1. d4 d5 2. c4 e6 3. Nc3 c6 4. Nf3 dxc4 5. e3 b5 6. a4 Bb4 7. Bd2 a5 8. axb5 Bxc3 9. Bxc3 cxb5 10. b3 Bb7 11. bxc4 b4 12. Bb2 Nf6 13. Bd3 0-0 14. 0-0 Qc7 15. Nd2 a4 16. d5 b3 17. Bxf6 gxf6 18. Qh5 f5 19. Nf3 f6 20. Nd4 exd5 21. Qxf5 Qd7 22. Ne6 Nc6 23. cxd5 Ne5 24. Nc5 Qxf5 25. Bxf5 Bc8 26. Bxc8 Rfxc8 27. Rxa4 b2 28. Rb4 Rab8 29. Nb7 Rc2 30. Rb5 Nc4 31. d6 Nd2 32. d7 Rc1 0-1

[Event "FIDE Grand Swiss"]
[Site "Douglas"]
[Date "2023.11.02"]
[Round "8"]
[White "Sevian, Samuel"]
[Black "Firouzja, Alireza"]
[Result "1-0"]
[WhiteElo "2698"]
[BlackElo "2777"]
[PlyCount "81"]
[EventDate "2023.10.25"]
[EventType "swiss"]
[EventRounds "11"]
[EventCountry "IOM"]
[SourceTitle "Mega2024 Update 01"]
[Source "Chessbase"]
[SourceDate "2023.11.12"]
[SourceVersion "1"]
[SourceVersionDate "2023.11.12"]
[SourceQuality "1"]

1. e4 c5 2. Nf3 d6 3. d4 cxd4 4. Nxd4 Nf6 5. Bd3 Nc6 6. Be3 g6 7. h3 Bg7 8. c4 Ng4 9. hxg4 Nxd4 10. Nc3 Be6 11. Rc1 Nc6 12. Be2 Qa5 13. Qd2 0-0-0 14. b3 h5 15. gxh5 gxh5 16. Nb5 Qxd2+ 17. Kxd2 a6 18. Rxh5 Rxh5 19. Bxh5 Rh8 20. Be2 Rh2 21. g3 Kd7 22. Nc3 Bh3 23. Bf1 Bg4 24. Be2 Bh3 25. c5 Bg2 26. cxd6 exd6 27. Bg4+ Ke8 28. Bc8 Nd8 29. Bf5 Nc6 30. Bc8 Nd8 31. Bf5 Nc6 32. Nd5 Bb2 33. Rc2 Be5 34. Rc4 Bf3 35. Bc8 Nd8 36. Bb6 Ne6 37. Ke3 Bh5 38. Bxb7 Rh1 39. f4 Re1+ 40. Kf2 Re2+ 41. Kf1 1-0